Biện pháp phát triển đội ngũ giáo viên dạy nghề tại Trường Cao đẳng nghề số 5 - Bộ quốc phòng trong giai đoạn hiện nay

Cơ sở lý luận về phát triển đội ngũ giáo viên dạy nghề; Thực trạng công tác phát triển ĐNGV dạy nghề tại Trường Cao đẳng nghề số 5 - Bộ quốc phòng; Biện pháp phát triển đội ngũ giáo viên Trường Cao đẳng nghề số 5 - Bộ quốc phòng trong giai đoạn hiện nay......

Disgrifiad llawn

Wedi'i Gadw mewn:
Manylion Llyfryddiaeth
Prif Awdur: Nguyễn Hữu Hoàng
Awduron Eraill: Lê Quang Sơn PGS.TS (Hướng dẫn)
Fformat: Llyfr
Iaith:Vietnamese
Cyhoeddwyd: Đà Nẵng Đại học Đà Nẵng 2013
Pynciau:
Tagiau: Ychwanegu Tag
Dim Tagiau, Byddwch y cyntaf i dagio'r cofnod hwn!
Thư viện lưu trữ: Mạng thư viện Đại học Đà Nẵng
LEADER 01888nam a2200349 4500
001 000019328
003 15763
005 20140417140445.0
008 140417s2013 viesd
041 |a vie 
082 1 4 |a 378.122  |b NG-H 
100 |a Nguyễn Hữu Hoàng 
245 |a Biện pháp phát triển đội ngũ giáo viên dạy nghề tại Trường Cao đẳng nghề số 5 - Bộ quốc phòng trong giai đoạn hiện nay  |c Nguyễn Hữu Hoàng ; Lê Quang Sơn hướng dẫn.  |k Luận văn Thạc sĩ 
260 |a Đà Nẵng  |b Đại học Đà Nẵng  |c 2013 
300 |a 91 tr., phụ lục 7 tr.  |c 29 cm.  |e Tóm tắt 
500 |a Luận văn thạc sĩ Quản lý giáo dục. Chuyên ngành: Quản lý giáo dục. Mã số: 60.14.05. 
520 |a Cơ sở lý luận về phát triển đội ngũ giáo viên dạy nghề; Thực trạng công tác phát triển ĐNGV dạy nghề tại Trường Cao đẳng nghề số 5 - Bộ quốc phòng; Biện pháp phát triển đội ngũ giáo viên Trường Cao đẳng nghề số 5 - Bộ quốc phòng trong giai đoạn hiện nay... 
650 0 4 |a Giáo dục đại học  |v Luận văn tốt nghiệp  |x Quản trị nhân sự  |x Nghiên cứu  |z Đà Nẵng 
653 |a Quản trị nhân sự 
653 |a Quản lý giáo dục 
653 |a Giáo dục đại học 
700 1 |a Lê Quang Sơn  |c PGS.TS  |e Hướng dẫn 
OWN |a LSP 
AVA |a UDN50  |b LSP  |d 378.122 NG-H  |e available  |t Error 5001 Not defined in file expand_doc_bib_avail.  |f 1  |g 0  |h N  |i 0  |k 1 
999 |a From the UDN01 
AVA |a UDN50  |b LSP  |d 378.122 NG-H  |e available  |t Error 5001 Not defined in file expand_doc_bib_avail.  |f 1  |g 0  |h N  |i 0  |k 1 
TYP |a Monograph 
TYP |a Printed language 
980 |a Mạng thư viện Đại học Đà Nẵng